[Event "Amazons Pride Blitz"]
[Site "Chess.com INT"]
[Date "2021.10.23"]
[Round "7"]
[White "Balaian, Alina"]
[Black "Debapriya, Manna1111"]
[Result "0-1"]
[WhiteElo "2242"]
[BlackElo "1268"]
[PlyCount "90"]
[EventDate "2021.10.23"]
[EventType "swiss (blitz)"]
[EventRounds "9"]
[EventCountry "USA"]
[SourceTitle "CBM 204 Extra"]
[Source "ChessBase"]
[SourceDate "2021.11.30"]
[SourceVersion "1"]
[SourceVersionDate "2021.11.30"]
[SourceQuality "1"]

1. e4 c5 2. Nc3 Nc6 3. g3 g6 4. d3 Bg7 5. Be3 d6 6. Qd2 Nf6 7. h3 b6 8. Bg2 Bb7 9. f4 Nd4 10. Nd1 d5 11. c3 Nc6 12. e5 Nd7 13. d4 cxd4 14. cxd4 e6 15. Nf3 Rc8 16. 0-0 0-0 17. Nf2 a5 18. a3 Ba6 19. Rfc1 Qe7 20. g4 f5 21. gxf5 gxf5 22. Nh1 Kh8 23. Ng3 b5 24. Kh2 Nb6 25. b3 a4 26. Qb2 axb3 27. Qxb3 Nc4 28. Bf2 Bh6 29. a4 b4 30. Ne2 N6a5 31. Qb1 Na3 32. Qb2 Bxe2 33. Qxe2 Bxf4+ 34. Bg3 Bxc1 35. Bh4 Qg7 36. Bf6 Rxf6 37. exf6 Qxf6 38. Ne5 Bf4+ 39. Kh1 Nb3 40. Qa6 Rg8 41. Re1 Nxd4 42. Nd7 Qg6 43. Rg1 Be3 44. Ne5 Qg7 45. Qa7 Qxa7 0-1

[Event "Amazons Pride Blitz"]
[Site "Chess.com INT"]
[Date "2021.10.23"]
[Round "3"]
[White "Balaian, Alina"]
[Black "Singha, Swati"]
[Result "1-0"]
[WhiteElo "2242"]
[BlackElo "1438"]
[PlyCount "61"]
[EventDate "2021.10.23"]
[EventType "swiss (blitz)"]
[EventRounds "9"]
[EventCountry "USA"]
[SourceTitle "CBM 204 Extra"]
[Source "ChessBase"]
[SourceDate "2021.11.30"]
[SourceVersion "1"]
[SourceVersionDate "2021.11.30"]
[SourceQuality "1"]

1. e4 e5 2. f4 Nc6 3. Nf3 d6 4. Bb5 Bg4 5. 0-0 Nf6 6. h3 Bh5 7. Bxc6+ bxc6 8. g4 Nxg4 9. hxg4 Bxg4 10. d3 h5 11. Qe1 Rh6 12. f5 Rh7 13. Qh4 Be7 14. Bg5 f6 15. Be3 Qd7 16. Nc3 0-0-0 17. b4 Rg8 18. Kf2 g6 19. fxg6 Rxg6 20. Ke2 f5 21. Qh2 f4 22. Bxa7 Rhg7 23. Qf2 c5 24. bxc5 Bxf3+ 25. Qxf3 Rg3 26. Qxh5 Re3+ 27. Kd2 Rg2+ 28. Kc1 Qc6 29. Rb1 Rg8 30. Qf5+ Kd8 31. Rb8# 1-0

[Event "Amazons Pride Blitz"]
[Site "Chess.com INT"]
[Date "2021.10.23"]
[Round "2"]
[White "Tazetdinova, Adelya"]
[Black "Balaian, Alina"]
[Result "0-1"]
[WhiteElo "1451"]
[BlackElo "2242"]
[PlyCount "60"]
[EventDate "2021.10.23"]
[EventType "swiss (blitz)"]
[EventRounds "9"]
[EventCountry "USA"]
[SourceTitle "CBM 204 Extra"]
[Source "ChessBase"]
[SourceDate "2021.11.30"]
[SourceVersion "1"]
[SourceVersionDate "2021.11.30"]
[SourceQuality "1"]

1. e4 e6 2. d4 d5 3. e5 c5 4. c3 Qb6 5. Nf3 Nc6 6. Be2 cxd4 7. cxd4 Nh6 8. b3 Bb4+ 9. Bd2 Nxd4 10. 0-0 Nxf3+ 11. Bxf3 Bxd2 12. Qxd2 0-0 13. Nc3 Nf5 14. Rfc1 Nh4 15. Be2 Bd7 16. Bd3 Rac8 17. Ne2 Bb5 18. Nf4 Bxd3 19. Qxd3 Rc6 20. Rxc6 Qxc6 21. h3 Rc8 22. Rd1 Qc2 23. Qxc2 Rxc2 24. Ra1 h6 25. a4 Rb2 26. Ra3 Nf5 27. Nd3 Rb1+ 28. Kh2 Nd4 29. b4 Nc2 30. Nc5 Nxa3 0-1

[Event "RUS-chT Blitz (Women)"]
[Site "Sochi"]
[Date "2021.10.14"]
[Round "5.2"]
[White "Balaian, Alina"]
[Black "Zavivaeva, Evelina"]
[Result "1-0"]
[WhiteElo "2242"]
[BlackElo "1521"]
[PlyCount "43"]
[EventDate "2021.10.14"]
[EventType "team-tourn (blitz)"]
[EventRounds "11"]
[EventCountry "RUS"]
[SourceTitle "CBM 204 Extra"]
[Source "ChessBase"]
[SourceDate "2021.11.30"]
[SourceVersion "1"]
[SourceVersionDate "2021.11.30"]
[SourceQuality "1"]
[WhiteTeam "St Petersburg SShOR (W)"]
[BlackTeam "Nizhegorodsk Region (W)"]
[WhiteTeamCountry "RUS"]
[BlackTeamCountry "RUS"]

1. e4 e5 2. f4 exf4 3. Nf3 Nc6 4. d4 d5 5. exd5 Qxd5 6. Nc3 Bb4 7. Bxf4 Qe4+ 8. Qe2 Qxe2+ 9. Bxe2 Ba5 10. d5 Nce7 11. 0-0-0 Bd7 12. Ne5 Nf6 13. Nxd7 Nxd7 14. Nb5 Kd8 15. d6 cxd6 16. Nxd6 Bc7 17. Nxf7+ Kc8 18. Bxc7 Rf8 19. Ne5 Kxc7 20. Rxd7+ Kc8 21. Rxe7 Kb8 22. Nd7+ 1-0

[Event "RUS-chT Blitz (Women)"]
[Site "Sochi"]
[Date "2021.10.14"]
[Round "1.2"]
[White "Elnikova, Milena"]
[Black "Balaian, Alina"]
[Result "0-1"]
[WhiteElo "1412"]
[BlackElo "2242"]
[PlyCount "124"]
[EventDate "2021.10.14"]
[EventType "team-tourn (blitz)"]
[EventRounds "11"]
[EventCountry "RUS"]
[SourceTitle "CBM 204 Extra"]
[Source "ChessBase"]
[SourceDate "2021.11.30"]
[SourceVersion "1"]
[SourceVersionDate "2021.11.30"]
[SourceQuality "1"]
[WhiteTeam "Belgorodsk Region (W)"]
[BlackTeam "St Petersburg SShOR (W)"]
[WhiteTeamCountry "RUS"]
[BlackTeamCountry "RUS"]

1. d4 c5 2. e3 e6 3. c4 Nf6 4. Nc3 cxd4 5. exd4 d5 6. c5 b6 7. cxb6 Qxb6 8. Nf3 Bd6 9. Bb5+ Bd7 10. Bxd7+ Nbxd7 11. 0-0 0-0 12. Na4 Qa6 13. b3 Ne4 14. Bb2 Rfc8 15. Rc1 Bf4 16. Rc2 Rxc2 17. Qxc2 Rc8 18. Qd1 Qc6 19. g3 Bd6 20. Qe2 h6 21. Rc1 Qb7 22. Rxc8+ Qxc8 23. Qd1 Ndf6 24. Qc1 Qxc1+ 25. Bxc1 Ng4 26. Be3 Nxe3 27. fxe3 Bb4 28. Ne5 Bd2 29. Nf3 Bxe3+ 30. Kg2 Bc1 31. Nc5 Bb2 32. Nd7 g5 33. h3 Kg7 34. g4 Nd6 35. Nde5 Nb5 36. Nc6 a6 37. a4 Nd6 38. b4 Bc3 39. Nfe5 f6 40. Nd7 Kf7 41. Nc5 e5 42. dxe5 fxe5 43. Nxa6 d4 44. Nxe5+ Ke6 45. Nd3 Kd5 46. Nac5 Bxb4 47. Nxb4+ Kxc5 48. Nd3+ Kc4 49. Ne5+ Kb4 50. Kg3 Kxa4 51. h4 Kb3 52. hxg5 hxg5 53. Nf3 Ne4+ 54. Kg2 Kc3 55. Kf1 Nd2+ 56. Nxd2 Kxd2 57. Kf2 d3 58. Kf3 Kc2 59. Ke4 d2 60. Kf5 d1Q 61. Kxg5 Kd3 62. Kf6 Qxg4 0-1

[Event "Wch Blitz (Women)"]
[Site "Moscow"]
[Date "2019.12.30"]
[Round "14"]
[White "Kashlinskaya, Alina"]
[Black "Balaian, Alina"]
[Result "0-1"]
[WhiteElo "2484"]
[BlackElo "2243"]
[PlyCount "62"]
[EventDate "2019.12.29"]
[EventType "swiss (blitz)"]
[EventRounds "17"]
[EventCountry "RUS"]
[SourceTitle "CBM 193 Extra"]
[Source "ChessBase"]
[SourceDate "2020.01.31"]
[SourceVersion "1"]
[SourceVersionDate "2020.01.31"]
[SourceQuality "1"]

1. d4 c5 2. d5 e5 3. c4 d6 4. Nc3 Be7 5. Nf3 f5 6. g3 e4 7. Nd2 Nf6 8. Bg2 0-0 9. f3 exf3 10. Nxf3 Nbd7 11. 0-0 Ne5 12. Nxe5 dxe5 13. e4 Ne8 14. Be3 Nd6 15. Bxc5 Nxc4 16. Bxe7 Qxe7 17. Qe2 Qc5+ 18. Rf2 f4 19. Kh1 Bg4 20. Bf3 fxg3 21. hxg3 Nd2 22. Qxd2 Bxf3+ 23. Kg1 Rf6 24. Kf1 Raf8 25. Ke1 Rh6 26. Rf1 Rhf6 27. Qd3 Bg2 28. Rxf6 Rxf6 29. Kd2 Rf2+ 30. Ne2 Qb4+ 31. Ke3 Rf3# 0-1

[Event "Wch Blitz (Women)"]
[Site "Moscow"]
[Date "2019.12.29"]
[Round "8"]
[White "Komiagina, Maria"]
[Black "Balaian, Alina"]
[Result "1/2-1/2"]
[WhiteElo "2233"]
[BlackElo "2243"]
[PlyCount "91"]
[EventDate "2019.12.29"]
[EventType "swiss (blitz)"]
[EventRounds "17"]
[EventCountry "RUS"]
[SourceTitle "CBM 193 Extra"]
[Source "ChessBase"]
[SourceDate "2020.01.31"]
[SourceVersion "1"]
[SourceVersionDate "2020.01.31"]
[SourceQuality "1"]

1. c4 Nf6 2. Nc3 g6 3. g3 d5 4. cxd5 Nxd5 5. Bg2 Nb6 6. d4 Bg7 7. Nf3 Nc6 8. e3 0-0 9. 0-0 Re8 10. Qe2 e5 11. dxe5 Nxe5 12. Nxe5 Bxe5 13. Rd1 Qe7 14. Bd2 c6 15. Rac1 Be6 16. b3 Rad8 17. e4 Qa3 18. Be1 Bg7 19. Qe3 Qe7 20. h3 Rxd1 21. Rxd1 Rd8 22. Rxd8+ Qxd8 23. Ne2 Qd1 24. Nf4 Bd4 25. Qd2 Qxd2 26. Bxd2 Bc8 27. Ne2 Bb2 28. Be3 Be6 29. f4 Nc8 30. Kf2 b6 31. Bd4 Ba3 32. Ke3 Nd6 33. g4 Nb5 34. Bf6 Bc5+ 35. Kd3 a5 36. f5 Bc8 37. Nc3 Ba6 38. Nxb5 Bxb5+ 39. Kc2 a4 40. e5 Bd4 41. b4 a3 42. Kb3 Bb2 43. Bf3 gxf5 44. gxf5 Kf8 45. h4 Ke8 46. h5 1/2-1/2

[Event "Wch Blitz (Women)"]
[Site "Moscow"]
[Date "2019.12.29"]
[Round "2"]
[White "Kulon, Klaudia"]
[Black "Balaian, Alina"]
[Result "1-0"]
[WhiteElo "2345"]
[BlackElo "2243"]
[PlyCount "59"]
[EventDate "2019.12.29"]
[EventType "swiss (blitz)"]
[EventRounds "17"]
[EventCountry "RUS"]
[SourceTitle "CBM 193 Extra"]
[Source "ChessBase"]
[SourceDate "2020.01.31"]
[SourceVersion "1"]
[SourceVersionDate "2020.01.31"]
[SourceQuality "1"]

1. d4 Nf6 2. Bg5 c5 3. d5 Qb6 4. Nc3 Qxb2 5. Bd2 Qb6 6. e4 d6 7. f4 e5 8. Nf3 exf4 9. Bxf4 Be7 10. Rb1 Qd8 11. e5 dxe5 12. Bxe5 Bd6 13. Bb5+ Kf8 14. 0-0 Bg4 15. Qe1 a6 16. Bd3 b5 17. Qg3 Bxe5 18. Nxe5 h5 19. Ne4 Qxd5 20. Nxf6 gxf6 21. Rxf6 Ra7 22. Rbf1 Kg7 23. Rxf7+ Rxf7 24. Rxf7+ Qxf7 25. Nxf7 Kxf7 26. Qf4+ Kg7 27. Qg5+ Kf7 28. Bg6+ Ke6 29. h3 Bd1 30. Qf5+ 1-0

[Event "Wch Rapid (Women)"]
[Site "Moscow"]
[Date "2019.12.28"]
[Round "11"]
[White "Balaian, Alina"]
[Black "Tsogzolmaa, Nanjid"]
[Result "0-1"]
[WhiteElo "2243"]
[BlackElo "1884"]
[PlyCount "66"]
[EventDate "2019.12.26"]
[EventType "swiss (rapid)"]
[EventRounds "12"]
[EventCountry "RUS"]
[SourceTitle "CBM 193 Extra"]
[Source "ChessBase"]
[SourceDate "2020.01.31"]
[SourceVersion "1"]
[SourceVersionDate "2020.01.31"]
[SourceQuality "1"]

1. e4 e6 2. Nf3 d5 3. Nc3 Nf6 4. e5 Nfd7 5. d4 c5 6. dxc5 Bxc5 7. Bd3 Nc6 8. Bf4 h6 9. Bg3 Bb4 10. 0-0 Bxc3 11. bxc3 0-0 12. Re1 Qc7 13. Qd2 a6 14. Bf4 Nc5 15. Nd4 Nxd3 16. Qxd3 Bd7 17. Re3 Ne7 18. Rae1 Ng6 19. Bg3 Rac8 20. f4 Qc4 21. Qd1 b5 22. a3 a5 23. Qh5 Kh7 24. f5 exf5 25. e6 fxe6 26. Nxe6 Rf6 27. Bd6 Bxe6 28. Rxe6 Qxc3 29. R6e3 Qd4 30. c3 Qb6 31. Bg3 f4 32. Bxf4 Nxf4 33. Qg4 Re8 0-1

[Event "Wch Rapid (Women)"]
[Site "Moscow"]
[Date "2019.12.28"]
[Round "9"]
[White "Balaian, Alina"]
[Black "Yakimova, Mariya"]
[Result "0-1"]
[WhiteElo "2243"]
[BlackElo "2288"]
[PlyCount "76"]
[EventDate "2019.12.26"]
[EventType "swiss (rapid)"]
[EventRounds "12"]
[EventCountry "RUS"]
[SourceTitle "CBM 193 Extra"]
[Source "ChessBase"]
[SourceDate "2020.01.31"]
[SourceVersion "1"]
[SourceVersionDate "2020.01.31"]
[SourceQuality "1"]

1. e4 c5 2. Nf3 Nc6 3. d4 cxd4 4. Nxd4 Nf6 5. Nc3 e5 6. Ndb5 d6 7. Bg5 a6 8. Na3 b5 9. Nd5 Be7 10. Bxf6 Bxf6 11. c3 0-0 12. Nc2 Bg5 13. a4 bxa4 14. Rxa4 a5 15. Bc4 Rb8 16. b3 Kh8 17. Nce3 g6 18. 0-0 f5 19. exf5 gxf5 20. f4 exf4 21. Nc2 f3 22. Qxf3 Ne5 23. Qe2 f4 24. Nd4 Rb7 25. Bd3 Rg7 26. Be4 Bg4 27. Qf2 Bh4 28. g3 Bg5 29. Bg2 Rgf7 30. Nxf4 Nd3 31. Qc2 Nxf4 32. gxf4 Bxf4 33. Qd3 Qg5 34. Kh1 Be5 35. Rxf7 Rxf7 36. h3 Qc1+ 37. Bf1 Rxf1+ 38. Kg2 Rg1+ 0-1

[Event "Wch Rapid (Women)"]
[Site "Moscow"]
[Date "2019.12.27"]
[Round "7"]
[White "Maltsevskaya, Aleksandra"]
[Black "Balaian, Alina"]
[Result "1-0"]
[WhiteElo "2318"]
[BlackElo "2243"]
[PlyCount "81"]
[EventDate "2019.12.26"]
[EventType "swiss (rapid)"]
[EventRounds "12"]
[EventCountry "RUS"]
[SourceTitle "CBM 193 Extra"]
[Source "ChessBase"]
[SourceDate "2020.01.31"]
[SourceVersion "1"]
[SourceVersionDate "2020.01.31"]
[SourceQuality "1"]

1. e4 e6 2. d3 d5 3. Nd2 Nf6 4. g3 c5 5. Bg2 g6 6. Ngf3 Bg7 7. 0-0 0-0 8. a4 Nc6 9. exd5 Nxd5 10. Nc4 b6 11. Re1 Qc7 12. Ng5 Bb7 13. a5 b5 14. a6 Bc8 15. Ne3 Ndb4 16. Qf3 h6 17. Ne4 Nd4 18. Qd1 Nd5 19. Nxd5 exd5 20. Nc3 Be6 21. Nxd5 Qd7 22. Nf4 Bg4 23. f3 Bf5 24. c3 Ne6 25. Nxe6 fxe6 26. Be3 Rac8 27. Qd2 g5 28. f4 g4 29. Qf2 Qe7 30. Rad1 Rfd8 31. d4 cxd4 32. Bxd4 Bxd4 33. Rxd4 Rxd4 34. Qxd4 Rd8 35. Qe5 Qd7 36. Be4 Qd2 37. Bxf5 exf5 38. Re2 Qd1+ 39. Kf2 Qd7 40. Qf6 Qd6 41. Re8+ 1-0

[Event "EU-Cup (Women) 24th"]
[Site "Ulcinj"]
[Date "2019.11.14"]
[Round "5.6"]
[White "Lian, Marina"]
[Black "Balaian, Alina"]
[Result "1-0"]
[WhiteElo "1855"]
[BlackElo "2260"]
[PlyCount "112"]
[EventDate "2019.11.10"]
[EventType "team-swiss"]
[EventRounds "7"]
[EventCountry "MNE"]
[SourceTitle "CBM 193 Extra"]
[Source "ChessBase"]
[SourceDate "2020.01.31"]
[SourceVersion "1"]
[SourceVersionDate "2020.01.31"]
[SourceQuality "1"]
[WhiteTeam "Herzliya (W)"]
[BlackTeam "SSHOR (W)"]
[WhiteTeamCountry "ISR"]
[BlackTeamCountry "RUS"]

1. e4 e6 2. d4 d5 3. Nd2 Nf6 4. e5 Nfd7 5. Bd3 c5 6. c3 Nc6 7. Ne2 cxd4 8. cxd4 f6 9. exf6 Nxf6 10. 0-0 Bd6 11. Nf3 Qc7 12. Ng3 0-0 13. Bg5 g6 14. Rc1 Qg7 15. Qd2 Ng4 16. h3 Nxd4 17. Nxd4 Bxg3 18. Nf3 Rxf3 19. gxf3 Nxf2 20. Rxf2 Bxf2+ 21. Qxf2 e5 22. Qc5 Be6 23. Qe7 Qxe7 24. Bxe7 Rc8 25. Rxc8+ Bxc8 26. h4 Kf7 27. Bg5 Bd7 28. Kf2 Be6 29. Ke2 Kg7 30. Kd2 Bh3 31. Kc3 Bg2 32. Be2 Bh3 33. Kb4 Kf7 34. Kc5 Ke6 35. a4 Bf5 36. a5 Bc2 37. b4 Ba4 38. b5 e4 39. fxe4 dxe4 40. Be3 Kd7 41. Kd5 Bc2 42. Bxa7 h6 43. Be3 g5 44. hxg5 hxg5 45. Bxg5 e3 46. Bxe3 Be4+ 47. Kc5 Kc8 48. Bc4 Kb8 49. Bd5 Bxd5 50. Kxd5 Ka8 51. Kc5 Kb8 52. b6 Ka8 53. Kb5 Kb8 54. a6 Ka8 55. axb7+ Kb8 56. Bf4+ Kxb7 1-0

[Event "EU-Cup (Women) 24th"]
[Site "Ulcinj"]
[Date "2019.11.11"]
[Round "2.5"]
[White "Balaian, Alina"]
[Black "Rakic, Tijana"]
[Result "1-0"]
[WhiteElo "2260"]
[BlackElo "1680"]
[PlyCount "57"]
[EventDate "2019.11.10"]
[EventType "team-swiss"]
[EventRounds "7"]
[EventCountry "MNE"]
[SourceTitle "CBM 193 Extra"]
[Source "ChessBase"]
[SourceDate "2020.01.31"]
[SourceVersion "1"]
[SourceVersionDate "2020.01.31"]
[SourceQuality "1"]
[WhiteTeam "SSHOR (W)"]
[BlackTeam "MNE (W)"]
[WhiteTeamCountry "RUS"]
[BlackTeamCountry "MNE"]

1. e4 d5 2. exd5 Qxd5 3. Nc3 Qd6 4. d4 Nf6 5. Nf3 g6 6. Nb5 Qb6 7. c4 c6 8. Nc3 Bg7 9. Be2 0-0 10. 0-0 Bg4 11. Na4 Qc7 12. Be3 Nbd7 13. Rc1 e5 14. d5 cxd5 15. cxd5 Qa5 16. d6 e4 17. Nd4 Bxe2 18. Nxe2 Rac8 19. Qb3 Nd5 20. Rxc8 Rxc8 21. Qxb7 Rd8 22. Bd4 N7f6 23. Nac3 Nxc3 24. Bxc3 Qd5 25. Qxd5 Nxd5 26. Bxg7 Kxg7 27. Rd1 Nb4 28. Nc3 Nd3 29. Ne2 1-0

[Event "St Petersburg Motiva Cup (Women)"]
[Site "St Petersburg"]
[Date "2019.06.16"]
[Round "6"]
[White "Balaian, Alina"]
[Black "Azimova, Karina"]
[Result "0-1"]
[WhiteElo "2260"]
[BlackElo "2081"]
[PlyCount "88"]
[EventDate "2019.06.15"]
[EventType "swiss"]
[EventRounds "9"]
[EventCountry "RUS"]
[SourceTitle "CBM 190 Extra"]
[Source "ChessBase"]
[SourceDate "2019.07.15"]
[SourceVersion "1"]
[SourceVersionDate "2019.07.15"]
[SourceQuality "1"]

1. e4 e5 2. Nf3 d6 3. d4 exd4 4. Nxd4 Nf6 5. Nc3 Be7 6. Bf4 0-0 7. Qd2 c6 8. 0-0-0 b5 9. f3 b4 10. Na4 Bd7 11. b3 d5 12. Nf5 Bxf5 13. exf5 c5 14. g4 d4 15. Bc4 Nd5 16. Bxd5 Qxd5 17. Rhe1 Nc6 18. Qd3 Rac8 19. g5 Bd6 20. Bxd6 Qxd6 21. Rd2 Ne7 22. Qe4 Nd5 23. Qe5 Qd7 24. Rde2 Ne3 25. f6 Rfe8 26. Qg3 c4 27. Rd2 cxb3 28. axb3 d3 29. Qf2 Nxc2 30. Rxe8+ Qxe8 31. Nc5 Qe1+ 32. Qxe1 Nxe1 33. Kd1 Rxc5 34. Kxe1 Rc3 35. Ra2 Rxb3 36. Rxa7 h6 37. g6 gxf6 38. Rxf7 Rb2 39. Rxf6 b3 40. Rb6 Re2+ 41. Kf1 b2 42. f4 Rc2 43. f5 Rc1+ 44. Kf2 b1Q 0-1

[Event "RUS-chT (Women)"]
[Site "Sochi"]
[Date "2019.05.02"]
[Round "2.4"]
[White "Eryshkanova, Anastasiya"]
[Black "Balaian, Alina"]
[Result "0-1"]
[WhiteElo "2187"]
[BlackElo "2250"]
[PlyCount "160"]
[EventDate "2019.05.01"]
[EventType "team-swiss"]
[EventRounds "9"]
[EventCountry "RUS"]
[SourceTitle "CBM 190 Extra"]
[Source "ChessBase"]
[SourceDate "2019.07.15"]
[SourceVersion "1"]
[SourceVersionDate "2019.07.15"]
[SourceQuality "1"]
[WhiteTeam "Moscow Region (W)"]
[BlackTeam "St Petersburg SShOR (W)"]
[WhiteTeamCountry "RUS"]
[BlackTeamCountry "RUS"]

1. d4 Nf6 2. c4 g6 3. Nc3 Bg7 4. e4 d6 5. f3 0-0 6. Be3 e5 7. Nge2 c6 8. d5 c5 9. Qd2 Ne8 10. g3 f5 11. Bg2 a6 12. a4 Nd7 13. 0-0 Ndf6 14. a5 Bd7 15. Bg5 b5 16. axb6 Qxb6 17. Na4 Bxa4 18. Rxa4 Rb8 19. Rfa1 Nc7 20. R1a2 Nd7 21. Be3 fxe4 22. fxe4 Qb7 23. Qc1 Nb6 24. R4a3 Qc8 25. h3 Qd7 26. Bg5 Qf7 27. Rf3 Qd7 28. Raa3 Na4 29. Rxf8+ Bxf8 30. b3 Nb6 31. Qd2 Nc8 32. Nc1 Bg7 33. Nd3 Nb6 34. Kh2 Qc8 35. Ra1 Ne8 36. Rc1 Rb7 37. Qa5 Bf8 38. Qxa6 h6 39. Be3 Nc7 40. Qa2 Nd7 41. Rf1 Qb8 42. Qf2 Qe8 43. Nc1 Bg7 44. Qa2 Qb8 45. Qd2 Kh7 46. Rf7 Qe8 47. Qf2 Kg8 48. Rf3 Qe7 49. Qd2 Kh7 50. Rf2 Na6 51. Qc3 Nb4 52. Na2 Qe8 53. Nxb4 Rxb4 54. Ra2 Qb8 55. Ra3 Qb7 56. Bd2 Rb6 57. Qf3 Qb8 58. h4 Nf6 59. Bh3 Rb7 60. g4 Ra7 61. Rxa7 Qxa7 62. Bg2 Qa2 63. Be1 Qc2 64. Kg3 Kg8 65. Qe3 Nh7 66. Qc3 Qb1 67. Bf3 Nf6 68. Qe3 Qc2 69. g5 hxg5 70. hxg5 Nh7 71. Bg4 Bf8 72. Kh3 Be7 73. Bh4 Kg7 74. Be6 Qd1 75. Qf2 Bxg5 76. Qf7+ Kh6 77. Qf2 Qh1+ 78. Kg4 Qxe4+ 79. Kh3 Qh1+ 80. Kg4 Nf6+ 0-1

[Event "St Petersburg-ch (Women)"]
[Site "St Petersburg"]
[Date "2019.03.12"]
[Round "2"]
[White "Tskhadadze, Anna"]
[Black "Balaian, Alina"]
[Result "0-1"]
[WhiteElo "1952"]
[BlackElo "2217"]
[PlyCount "120"]
[EventDate "2019.03.11"]
[EventType "swiss"]
[EventRounds "9"]
[EventCountry "RUS"]
[SourceTitle "CBM 189 Extra"]
[Source "ChessBase"]
[SourceDate "2019.06.03"]
[SourceVersion "1"]
[SourceVersionDate "2019.06.03"]
[SourceQuality "1"]

1. d4 Nf6 2. Nf3 e6 3. Bf4 d5 4. c3 c5 5. e3 Nc6 6. Nbd2 Be7 7. h3 0-0 8. Bd3 Nh5 9. Bh2 f5 10. Ne5 Nf6 11. 0-0 Nxe5 12. Bxe5 Nd7 13. Bh2 c4 14. Bc2 b5 15. a3 a5 16. Qf3 Ra6 17. Qe2 b4 18. axb4 axb4 19. Rxa6 Bxa6 20. Ra1 Qb6 21. Nf3 Ra8 22. g4 b3 23. Bb1 g6 24. gxf5 exf5 25. Ne5 Nf6 26. Qf3 Ra7 27. Qg2 Qe6 28. Nxg6 hxg6 29. Qxg6+ Kf8 30. Bf4 Qf7 31. Bh6+ Ke8 32. Qxf5 Ng8 33. Qe5 Nxh6 34. Qb8+ Bd8 35. Rxa6 Rxa6 36. Qb5+ Kf8 37. Qxa6 Kg7 38. Qd6 Bh4 39. Qh2 Qh5 40. Qg2+ Qg5 41. Qxg5+ Bxg5 42. f4 Bh4 43. e4 Be1 44. exd5 Nf7 45. Kf1 Bd2 46. Ke2 Bxf4 47. Kf3 Bc1 48. Ke4 Bxb2 49. d6 Nxd6+ 50. Ke3 Bxc3 51. d5 Be5 52. h4 Kh6 53. Ke2 Kh5 54. Ke3 Kxh4 55. Bg6 Kg5 56. Bb1 Kf6 57. Kd2 Bd4 58. Bh7 c3+ 59. Kd3 c2 60. Kd2 Be3+ 0-1

[Event "RUS-ch Higher League (Women) 68th"]
[Site "Yaroslavl"]
[Date "2018.07.03"]
[Round "7"]
[White "Solozhenkina, Elizaveta"]
[Black "Balaian, Alina"]
[Result "1/2-1/2"]
[WhiteElo "2258"]
[BlackElo "2221"]
[PlyCount "127"]
[EventDate "2018.06.26"]
[EventType "swiss"]
[EventRounds "9"]
[EventCountry "RUS"]
[SourceTitle "CBM 185 Extra"]
[Source "ChessBase"]
[SourceDate "2018.07.29"]
[SourceVersion "1"]
[SourceVersionDate "2018.07.29"]
[SourceQuality "1"]

1. e4 e6 2. d4 d5 3. Nc3 Bb4 4. e5 c5 5. a3 Bxc3+ 6. bxc3 Qa5 7. Bd2 Qa4 8. Qg4 g6 9. Nf3 Nc6 10. Be2 Qxc2 11. dxc5 h6 12. Rc1 Qe4 13. Qxe4 dxe4 14. Nd4 Nxe5 15. Nb5 Ke7 16. Bf4 f6 17. Bxe5 fxe5 18. Nd6 Nf6 19. Rb1 b6 20. Nc4 bxc5 21. Nxe5 Rg8 22. 0-0 Nd7 23. Nc6+ Kd6 24. Na5 Nb6 25. Bb5 Kc7 26. Rfe1 Nd5 27. Bc6 Rb8 28. Rbc1 Ba6 29. c4 Nf6 30. Bxe4 Nxe4 31. Rxe4 Rb6 32. Re5 Kd6 33. Rce1 Bc8 34. f4 g5 35. Rd1+ Ke7 36. Rxc5 gxf4 37. Nc6+ Kf6 38. Rf1 e5 39. Nxe5 Rb2 40. Rxf4+ Ke6 41. Rg4 Rxg4 42. Nxg4 Bb7 43. g3 Bf3 44. Nxh6 Rg2+ 45. Kf1 Rxh2 46. Nf5 Be4 47. Nd4+ Kd6 48. Ra5 Rb2 49. Ke1 a6 50. g4 Rg2 51. g5 Rh2 52. Rxa6+ Ke5 53. Nb3 Kf4 54. Nd2 Rh1+ 55. Ke2 Rh2+ 56. Kd1 Rh1+ 57. Ke2 Rh2+ 58. Ke1 Rh1+ 59. Nf1 Bd3 60. Rf6+ Kxg5 61. Rf3 Bxc4 62. a4 Bxf1 63. Rxf1 Rh4 64. a5 1/2-1/2

[Event "RUS-ch Higher League (Women) 68th"]
[Site "Yaroslavl"]
[Date "2018.06.28"]
[Round "3"]
[White "Lingur, Zalina"]
[Black "Balaian, Alina"]
[Result "0-1"]
[WhiteElo "2101"]
[BlackElo "2221"]
[PlyCount "128"]
[EventDate "2018.06.26"]
[EventType "swiss"]
[EventRounds "9"]
[EventCountry "RUS"]
[SourceTitle "CBM 185 Extra"]
[Source "ChessBase"]
[SourceDate "2018.07.29"]
[SourceVersion "1"]
[SourceVersionDate "2018.07.29"]
[SourceQuality "1"]

1. e4 e6 2. d3 d5 3. Nd2 c5 4. Ngf3 Nc6 5. g3 Bd6 6. Bg2 Nge7 7. 0-0 0-0 8. Nh4 b5 9. f4 f6 10. f5 exf5 11. Nxf5 Nxf5 12. exf5 Ne7 13. Qg4 Be5 14. Nb3 g6 15. Qf3 Bxf5 16. Nxc5 Qb6 17. Qf2 Rac8 18. d4 Bxd4 19. Qxd4 Qxc5 20. Qxc5 Rxc5 21. c3 Be4 22. Re1 f5 23. Be3 Rc7 24. Bf1 Rb7 25. Bc5 Re8 26. b4 Nc6 27. a4 a6 28. h3 Kf7 29. Kf2 g5 30. axb5 axb5 31. Ra6 Re6 32. Be2 Rh6 33. Rea1 d4 34. cxd4 Rxh3 35. Bf3 Bxf3 36. Kxf3 Nd8 37. Kg2 g4 38. Rf1 Rh5 39. Re1 Rd7 40. Rb6 f4 41. gxf4 Rf5 42. Kg3 h5 43. Re4 Rf6 44. Rxb5 Ne6 45. Rb8 Ng7 46. b5 Nf5+ 47. Kg2 h4 48. b6 h3+ 49. Kg1 Rh6 50. Rf8+ Kg6 51. Re6+ Kg7 52. Rxh6 Nxh6 53. Rc8 Kg6 54. Rc7 Rd8 55. b7 Re8 56. Re7 Rh8 57. Re2 g3 58. Re3 Nf5 59. Re1 Nh4 60. Re3 Nf3+ 61. Kf1 g2+ 62. Ke2 g1Q 63. f5+ Kh5 64. Rxf3 Qg2+ 0-1

[Event "RUS-chT (Women)"]
[Site "Sochi"]
[Date "2018.05.09"]
[Round "8.4"]
[White "Balaian, Alina"]
[Black "Nasybullina, Dayana"]
[Result "1-0"]
[WhiteElo "2228"]
[BlackElo "1801"]
[PlyCount "71"]
[EventDate "2018.05.01"]
[EventType "team-tourn"]
[EventRounds "9"]
[EventCountry "RUS"]
[SourceTitle "CBM 184 Extra"]
[Source "ChessBase"]
[SourceDate "2018.06.28"]
[SourceVersion "1"]
[SourceVersionDate "2018.06.28"]
[SourceQuality "1"]
[WhiteTeam "St Petersburg SHSH (W)"]
[BlackTeam "Cheliabinsk Yuzhnyy Ural (W)"]
[WhiteTeamCountry "RUS"]
[BlackTeamCountry "RUS"]

1. e4 c6 2. d4 d5 3. f3 e6 4. Be3 dxe4 5. fxe4 Qh4+ 6. g3 Qxe4 7. Qe2 Qd5 8. Bg2 Qa5+ 9. Nd2 Nf6 10. Nh3 Be7 11. 0-0 0-0 12. c4 Nbd7 13. g4 c5 14. g5 Ne8 15. Nb3 Qc7 16. Rad1 a5 17. dxc5 Nxc5 18. Nd4 Bd7 19. b3 e5 20. Nf5 Bxf5 21. Rxf5 g6 22. Rff1 Ng7 23. Bc1 Nf5 24. Rd5 Bd6 25. Bb2 Rfe8 26. Nf2 Nd4 27. Qd2 Nce6 28. Ng4 Red8 29. Nh6+ Kg7 30. Rxf7+ Qxf7 31. Nxf7 Kxf7 32. Qf2+ Nf4 33. Bxd4 exd4 34. Rxd6 Rxd6 35. Qxf4+ Ke7 36. Qe5+ 1-0